| 000 | 00435nam a2200157Ia 4500 | ||
|---|---|---|---|
| 008 | 160316s1978 xxu||||| |||| 00| 0 eng d | ||
| 082 |
_a344.070000 _bRAU |
||
| 100 | _aRau K V Padmanabha | ||
| 245 | _aLaw relating to educational institutions and students | ||
| 250 | _a | ||
| 260 |
_aMadras _bKavya Publications _c1978 |
||
| 300 |
_a304p _b _cxxxviii |
||
| 365 | _bRs.24/- | ||
| 650 | _a1.Law - Educational Institutions | ||
| 700 |
_a _a |
||
| 999 |
_c6532 _d6532 |
||